000 00619nas a2200217 4500
001 BR9506377
003 BR-BrBNA
005 20231205094450.0
007 ta
008 230509b bl.|||p| |||| 00| 00por d
040 _aBR-BrBNA
_bpor
_cBiblioteca Nacional de Agricultura
041 _a(Pt)
072 _aL10
100 1 _aBriquet Junior, R.
245 1 _aIdeias falsas sobre heterose
650 _aVigor Hibrido
650 _aMelhoramento Genetico Animal
773 0 _tAgronomia (Brazil)
_x
_g(Jan-Dec 1962), v. 20(unico) p. 60-62
_wBR9506377
909 _a202311
_bLúcia
_c55
_dLúcia Elande
942 _2AGRIS
_n0
_cANA
999 _c144522
_d144522